000 00542nam a2200169Ia 4500
008 090201s9999 xx 000 0 und d
010 _aKPL-74456
040 _bमराठी
041 _aमराठी
082 _a54954
_b74456
100 _a देवनाथमहाराज
245 _aकवितासंग्रह
_c देवनाथमहाराज
260 _c1896
_bतुकाराम जावजी
300 _a176
_bमध्यम
600 _aकवितासंग्रह
942 _cBOOK
999 _c251277
_d251277